000 00843nam a2200217Ia 4500
003 GCL
008 140319s9999 xx 000 0 ara d
040 _aGCL /
_cGCL
082 0 4 _a822
_bب ن
100 1 _aفاروق عبد القادر ( دراسة )
245 1 0 _aالنقطة المتحولة: اربعون عاما فى استكشاف المسرح ( عالم المعرفة154 ) /
_cفاروق عبد القادر ( دراسة )
700 1 _aبروك، بيتر
260 _a[S.N] :
_bالمجلس الوطنى للثقافة والفنون والاداب ،
_c1991
300 _a350 ص
490 _aكتاب المواهب
_v0
650 0 4 _aالادب الانجليزى
650 0 4 _aالمسرح الانجليزى
650 0 4 _aالمسرحيات الانجليزية
650 0 4 _aتاريخ ونقد
942 _2ddc
_cCF
999 _c27043
_d27043